000 02172nam0a2200397 4500
001 RU\NLR\BIBL_A\022162631
005 20240402105210.0
010 _a978-5-7995-1298-9
_9100
021 _aRU
_bКН-П-24-006622
_9КН-П-24-0690
035 _a(NLR Aleph) 022162631
090 _a12926870
_c12926870
100 _a20240312d2023 k y0rusy50 ca
101 0 _arus
102 _aRU
105 _aa z 000yy
181 0 _ai3
_baxxe
182 0 _an
200 1 _aСовременные методы переработки растительной биомассы
_eмонография
_fЕ. В. Ожимкова, И. В. Ущаповский
_gМинобрнауки России, Федеральное государственное бюджетное образовательное учреждение высшего образования "Тверской государственный технический университет" (ТвГТУ)
203 _aТекст
_bвизуальный
_cнепосредственный
210 _aТверь
_cТверской государственный технический университет
_d2023
215 _a163 с.
_cил.
_d21
320 _aБиблиогр.: с. 149-163 (202 назв.)
606 1 _aБиомасса
_xТермическая переработка
_92553473
_3RU\NLR\AUTH\6601723814
606 1 _aБиологически-активные вещества
_xЭкстрагирование из растительного сырья
_92224107
_3RU\NLR\AUTH\6601568299
606 1 _aБиотопливо
_xПроизводство из биомассы
_92609162
_3RU\NLR\AUTH\661545720
606 1 _aОрганоминеральные удобрения
_xПроизводство
_91785504
_3RU\NLR\AUTH\66803000
686 1 _aЛ522
686 1 _aЛ663.11
686 1 _aЛ534
686 1 _aЛ328
700 1 _aОжимкова
_bЕ. В.
_gЕлена Владимировна
701 1 _aУщаповский
_bИ. В.
_gИгорь Валентинович
942 _cBOOK
980 _aNB